Statystyki dla Odpowiedź zaczyna się na literę ''A'' - 100 pytań

Kliknij tutaj aby rozwiązać quiz!

Ogólne statystyki

  • Ten quiz został rozwiązany 163 razy
  • Średni wynik to 46 z 100

Statystyki odpowiedzi

PytanieOdpowiedź% Poprawnych
Jakie imię nosili m. in. Mickiewicz lub Hanuszkiewicz?Adam
91%
Jak nazywa się pierwsza litera alfabetu greckiego?Alfa
91%
Jakie pasmo górskie znajduje się w Europie Środkowej?Alpy
91%
Nie wyznaje żadnej religii.Ateista
86%
Jaka rzeka jest najdłuższa rzeka na świecie?Amazonka
85%
Kogo zabił biblijny Kain?Abel
84%
Jak nazywa się zbiór liter używanych w danym języku?Alfabet
84%
Jakie miasto jest stolicą Holandii?Amsterdam
84%
Jakie państwo graniczy zarówno z Francją jak i z Hiszpanią?Andora
83%
Kogo słabym punktem była pięta?Achilles
80%
Jak nazywa się stan i eksklawa USA?Alaska
80%
Jak nazywa się najwyższy Bóg w islamie?Allah
80%
Jak potocznie nazywamy niedokrwistość organizmu?Anemia
80%
Który prezydent RP urzędował w latach 1995-2005?Aleksander Kwaśniewski
79%
Jak nazywa się tradycyjna formuła, kończąca modlitwę w wielu religiach?Amen
79%
Jak nazywa się europejskie państwo, graniczące m. in. z Grecją?Albania
77%
Jak nazywa się wąż ziemnowodny zamieszkujący m. in. powyższą rzekę?Anakonda
77%
Jaki szwedzki zespół zwyciężył Eurowizję w 1974?ABBA
76%
Co może być nałożona np. na alkohol lub paliwo?Akcyza
76%
Jak nazywa się krewna lamy, zamieszkująca głownie tereny Boliwii?Alpaka
74%
Jak nazywają się cienkie, pszenne wafle, specjalność Kalisza?Andruty
74%
Jaki łańcuch górski znajduję się w Ameryce Południowej?Andy
74%
Jak nazywa się jedyne państwo z którym graniczy Katar?Arabia Saudyjska
74%
Jakie państwo posiada stolicę w Kabulu?Afganistan
73%
Jak potocznie nazywamy tętnice główną?Aorta
73%
Co znajduje się po drugiej stronie rewersu?Awers
73%
Jakie państwo graniczy m. i. z Libią i Marokiem?Algieria
72%
Jak brzmi tradycyjne, hawajskie przywitanie?Aloha
72%
Jak nazywa się duży, okrągły owoc, składnik wielu deserów?Arbuz
72%
Z jakiego miasta pochodził znany misjonarz, Święty Franciszek?Asyż
72%
Może być ona północna, południowa lub środkowa.Ameryka
71%
W jakim mieście mieści się stolica Turcji?Ankara
71%
Jak nazywa się rdzenny mieszkaniec Australii?Aborygen
69%
Jak nazywa się jeden z głównych składników Pina Colady?Ananas
69%
Jaki pierwiastek kryje się pod liczbą atomową 7?Azot
69%
Który polski reżyser, stworzył m. in. ''Popioły'' i ekranizację ''Pana Tadeusza''Andrzej Wajda
60%
Jak nazywa się materiałowy klosz, rozpraszający światło padające z lampy?Abażur
59%
Jak nazywa się instrument smyczkowy, nieco większy od skrzypiec?Altówka
59%
Jak potocznie nazywamy glin?Aluminium
59%
Jakie imię nosił ''Pan Kleks'', bohater powieści Jana Brzechwy?Ambroży
57%
Jak nazywa się wyspa w San Francisco, na której niegdyś znajdowało się więzienie?Alcatraz
56%
Włoska marka lodów, produkuje m. in. ''Twistery'' czy ''BigMilki''.Algida
55%
4046,8564224 m2.Akr
54%
Kto widnieje na banknocie 5-dolarowym?Abraham Lincoln
53%
Jak nazywa się grupa wysp, najczęściej o podłużnym kształcie?Archipelag
53%
Może być ona myśliwska lub kościelna.Ambona
52%
Jak nazywał się grecki Bóg poezji?Apollo
52%
Jak nazywa się odmiana porzeczki, o większych, włochatych owocach.Agrest
49%
Jak nazywa się islamska organizacja terrorystyczna do której należał m. in. Osama bin Laden?Al-Ka'ida
49%
Kryje się pod wzorem sumarycznym NH3.Amoniak
48%
Jak nazywa się austriacki aktor, polityk i kulturysta?Arnold Schwarzenegger
47%
Jak nazywał się austriacki artysta i polityk?Adolf Hitler
46%
Jak nazywa się mityczne, podwodne miasto, podobno leżące nad wybrzeżami Bahamów?Atlantyda
46%
Jak nazywa się duży ptak morski, krewny mewy?Albatros
45%
Jak nazywa się współbrzmienie co najmniej 3 dźwięków?Akord
44%
Jak nazywają się marynowane sardynki, dodatek do wielu potraw?Anchois
42%
Jak nazywa się japońska sztuka walki, składająca się głownie z rzutów i dźwigni?Aikido
41%
Jak nazywa się drugie co do wielkości miasto województwa Podlaskiego?Augustów
41%
Jaką chorobę wywołuję wirus ludzkiego niedoboru odporności?AIDS
40%
Jej odpowiedniczką jest Wenus.Afrodyta
38%
Marka samochodów do której należą takie modele jak ''Gulia'' czy ''Stelvio''.Alfa Romeo
38%
Jak potocznie nazywamy Amerykańskiego Teriera z Staffordshire?Amstaff
38%
Drugie co do wielkości miasto Belgii.Antwerpia
37%
Prezydentem jakiego kraju w latach 1975-1979 był Agostinho Neto?Angola
36%
Jak potocznie nazywamy owoc smaczliwki wdzięcznej?Awokado
36%
Jak nazywa się państwo nieuznawanie na terenie Gruzji?Abchazja
35%
Jak inaczej nazywamy niedobór melaniny?Albinizm
35%
W jakim mieście swoją stolicę posiada Ghana?Akra
32%
Jak nazywa się kamień szlachetny o czerwonej barwie, odmiana chalcedonu?Agat
30%
Jak nazywa się drzewo o żółtych kwiatach, porastające najczęściej sawanny?Akacja
29%
Jakie państwo ma stolicę w Saint John's?Antigua i Barbuda
29%
Jak nazywa się kąt między danym punktem a północą?Azymut
28%
Jak nazywa się zachowanie, polegające na niesieniu korzyści innym?Altruizm
27%
Jakie plemię indiańskie zamieszkuje głownie stan Nowy Meksyk?Apacze
27%
Jak nazywa się nalewka przyrządzana z liści piołunu?Absynt
24%
Jak nazywa się wegańska żelatyna, wytwarzana z alg morskich?Agar
20%
Wielkie, zawietrzne i zawietrzne.Antyle
20%
Jak nazywa się amerykański reżyser i aktor komediowy?Adam Sandler
19%
Jak nazywa się terytorium zależne Holandii leżące na karaibach?Aruba
16%
Jak nazywa się pasta z bakłażanów, papryki i innych przypraw, specjał kuchni serbskiej?Ajwar
14%
Menadżerem jakiego klubu piłkarskiego jest Mikel Arteta?Arsenal F. C.
14%
W jakim mieście mieści się stolica Wybrzeża Kości Słoniowej?Abidżan
13%
Jak nazywa się turecki napój, przyrządzany z jogurtu i wody?Ajran
13%
Miasto w Rosji, niegdyś mieścił się koło niego obóz pracy Jarcewo.Archangielsk
13%
Jak nazywają się wyspy na Morzu Bałtyckim należące do Finlandii?Alandy
10%
Jak nazywa się duże, gliniane naczynie tradycyjnie wypalane na Bałkanach?Amfora
10%
Jak nazywamy jednostronny tekst informacyjny?Afisz
9%
Jak brzmi pseudonim artystyczny Tima Berlinga?Avicii
8%
Jaka waluta obowiązuje na Madagaskarze?Ariary
5%
Jak nazywa się pasta z papryki i przyprawy khmeli-sumeli?Adżika
3%
Jak nazywa się język urzędowy używany w Etiopii?Amharski
3%
Jak nazywa się brytyjska piosenkarka odpowiedzialna za m. in. ''Back to Black''?Amy Whitehouse
3%
Jak nazywa się amerykański park narodowy słynący z skalnych łuków?Arches
3%
Jak nazywa się przezroczysta substancja, używana przez sportowców w celu zmniejszenia zmęczenia mięściowego?Alanina
2%
Jak nazywa się człowiek, który cierpi na zaburzenie aktywnośći?Abulik
1%
Jak nazywa się ozdobna odmiana kwiatu pelargonii?Anginka
1%
Jaka wyspa na należąca do Komorów, która od wielu lat stara się o uzyskanie niepodległości?Anjouan
1%
Ozdobne wykończenie ściany.Arabeska
1%
Jak nazywa się kusza, która zamiast bełtów miota okrągłe pociski?Arbalet
1%
Jaki język jest używany na terenie północno-zachodnich Indii?Asamski
1%

Rozkład punktacji

Percentyl według liczby udzielonych odpowiedzi

Procent ludzi z każdym wynikiem

Twoja historia wyników

Nie rozwiązałeś tego quizu